La paura del cielo /

محفوظ في:
التفاصيل البيبلوغرافية
المؤلف الرئيسي: Jaeggy, Fleur (مؤلف)
التنسيق: كتاب
اللغة:الإيطالية
منشور في: Milano : Adelphi, 1994
الطبعة:2. ed
سلاسل:Fabula ; 81
الوسوم: إضافة وسم
لا توجد وسوم, كن أول من يضع وسما على هذه التسجيلة!

MARC

LEADER 00000nam a2200000 i 4500
001 IT\ICCU\CFI\0291886
003 ItRI
005 20260115231914.0
008 950323s1994 it |||||| ||||| |||||c
015 |2 IT  |a 95-3388 
020 |a 8845910911 
040 |b ita  |c importazione bologna sebina 
041 7 |a ita  |2 ISO-639-2 
082 |a 853.914  |9 NARRATIVA ITALIANA. 1945-  |2 20 
100 1 |a Jaeggy, Fleur  |0 IT\ICCU\CFIV\107939  |4 aut 
245 1 3 |a La paura del cielo /  |c Fleur Jaeggy. 
250 |a 2. ed 
260 |a Milano :  |b Adelphi,  |c 1994 
300 |a 113 p. ;  |c 22 cm. 
830 0 |a Fabula ;  |v 81  |0 IT\ICCU\CFI\0013960 
942 |2 ddc  |c BK  |n 0 
952 |0 0  |1 0  |4 0  |6 L_853_914000000000000_JAE  |7 0  |9 16043  |a BO  |b BO  |d 2026-01-15  |i 3345  |l 0  |o L 853.914 JAE  |p BO3345  |r 2026-01-15 23:19:14  |w 2026-01-15  |x [Sebina 5] [1 v.]  |y BK  |z 1 v. 
999 |c 13793  |d 13793